A-League Teams - Statistics

General Stats
  • This quiz has been taken 6 times
  • The average score is 11 of 12
Answer Stats
Answer % Correct
Brisbane Roar
100%
Melbourne City
100%
Melbourne Victory
100%
Perth Glory
100%
Sydney FC
100%
Wellington Phoenix
100%
Western Sydney Wanderers
100%
Adelaide United
80%
Central Coast Mariners
80%
Newcastle Jets
80%
Western United
80%
Macarthur FC
60%
No matching quizzes found
Score Distribution
Percent of People with Each Score
Percentile by Number Answered
Your Score History
You have not taken this quiz